| 000 | 01403nam a2200241Ia 4500 | ||
|---|---|---|---|
| 999 |
_c53039 _d53039 |
||
| 001 | 20075 | ||
| 003 | GE_BSU | ||
| 005 | 20230705153047.0 | ||
| 008 | 181216s1988ge xx |||||||||||||| ||geo|| | ||
| 040 | _cGE_BSU | ||
| 041 | _ageo | ||
| 080 | _a008(38) + 930.85 გ-70 | ||
| 100 |
_aგორდეზიანი, რ. (რისმაგ) _919165 |
||
| 245 |
_aბერძნული ცივილიზაცია : _bნაკვ. 1: გმირთა ეპოქიდან არქაიკამდე / _cრისმაგ გორდეზიანი, რედ. ლ. თურმანიძე; მხატვ. ო. გორალევიჩი |
||
| 264 |
_aთბილისი : _bმერანი, _c1988. |
||
| 300 |
_a318 გვ.: _b22 სმ. |
||
| 653 | _aბერძნული ცივილიზაცია | ||
| 653 | _aგმირთა ეპოქიდან არქაიკამდე | ||
| 653 | _aეგეოსური სამყარო; მიკენიდან ჰომეროსამდე; ასპარეზზე გამოდის პიროვნება - განუმეორებელი არქაიკა | ||
| 700 |
_a თურმანიძე, ლ _eრედაქტორი _919167 |
||
| 700 |
_aგორალევიჩი, ო _eმხატვარი _94629 |
||
| 942 |
_cBK _2udc |
||